[Event "3rd EUR-ch (w)"]
[Site "Varna BUL"]
[Date "2002.06.03"]
[Round "7.2"]
[White "Kovalevskaya, Ekaterina"]
[Black "Maric, Alisa"]
[Result "0-1"]
[WhiteElo "2482"]
[BlackElo "2455"]
[EventDate "2002.05.27"]
[PlyCount "70"]

1.e4 c6 2.d4 d5 3.Nd2 dxe4 4.Nxe4 Bf5 5.Ng3 Bg6 6.h4 h6 7.Nf3 e6 8.Ne5 Bh7
9.Bd3 Bxd3 10.Qxd3 Nf6 11.Bf4 Qa5+ 12.Bd2 Bb4 13.c3 Be7 14.b4 Qc7 15.O-O 
Nbd7 16.f4 a5 17.bxa5 Rxa5 18.Nc4 Ra4 19.f5 Rxc4 20.fxe6 fxe6 21.Qxc4 Qxg3
22.Qxe6 Kd8 23.Bf4 Qxc3 24.Rad1 Nd5 25.Bd6 Bf6 26.Rf3 Qc2 27.Re1 Qd2 28.
Ra3 Qxd4+ 29.Kh1 Qxh4+ 30.Rh3 Qd4 31.Ra3 Nc7 32.Be7+ Kc8 33.Qh3 Bxe7 34.
Rxe7 Qd1+ 35.Kh2 Qd6+ 0-1

[Event "3rd EUR-ch (w)"]
[Site "Varna BUL"]
[Date "2002.06.03"]
[Round "7.3"]
[White "Galliamova, Alisa"]
[Black "Gaponenko, Inna"]
[Result "1/2-1/2"]
[WhiteElo "2500"]
[BlackElo "2418"]
[EventDate "2002.05.27"]
[PlyCount "162"]

1.e4 c5 2.Nf3 d6 3.d4 cxd4 4.Nxd4 Nf6 5.Nc3 g6 6.f3 Bg7 7.Be3 O-O 8.Qd2 
Nc6 9.g4 Be6 10.O-O-O Rc8 11.Kb1 Qa5 12.Nb3 Qc7 13.Nb5 Qb8 14.h4 Ne5 15.
N5d4 d5 16.h5 Nxf3 17.Nxf3 Bxg4 18.Bf4 e5 19.Bxe5 Nxe4 20.Bxb8 Nxd2+ 21.
Nbxd2 Rxb8 22.h6 Bf6 23.Bh3 Bh5 24.Rde1 Rfe8 25.c3 Kf8 26.Kc2 Re7 27.Rxe7 
Kxe7 28.Re1+ Kd6 29.Re3 g5 30.Bf5 g4 31.Nh2 Bg5 32.Rd3 Ke5 33.Bxg4 Bg6 34.
Be2 Kf4 35.Nhf1 Re8 36.Kd1 Bxd3 37.Bxd3 f5 38.Nb3 Bxh6 39.Nd4 Re5 40.Nd2 
Bg7 41.N2b3 b6 42.Nc6 Re3 43.Kd2 Rg3 44.Nc1 Rg2+ 45.Ne2+ Kf3 46.Ne7 Bh6+ 
47.Kd1 Ke3 48.Nxd5+ Kf2 49.Bxf5 Rg5 50.Nd4 Bg7 51.Nf4 Ke3 52.Nfe2 Bxd4 53.
Nxd4 h5 54.Bc8 Rg1+ 55.Kc2 Rg2+ 56.Kb3 Kf4 57.Nb5 Rg7 58.a4 h4 59.Nd4 Ke4 
60.Kb4 Kd3 61.Bf5+ Ke3 62.Bc8 Kd3 63.Bf5+ Ke3 64.b3 Rg3 65.Bc8 Kd2 66.c4 
h3 67.Bb7 Kd3 68.Nf5 Rg1 69.Nd6 h2 70.Nc8 Rg7 71.Bh1 Kc2 72.a5 bxa5+ 73.
Ka4 Rg1 74.Be4+ Kc3 75.Nxa7 Ra1+ 76.Kb5 Kxb3 77.c5 a4 78.Bd5+ Kb2 79.c6 
Rc1 80.Kxa4 Ra1+ 81.Kb5 Rxa7 1/2-1/2

[Event "3rd EUR-ch (w)"]
[Site "Varna BUL"]
[Date "2002.06.03"]
[Round "7.4"]
[White "Khurtsidze, Nino"]
[Black "Alexandrova, Olga"]
[Result "1/2-1/2"]
[WhiteElo "2446"]
[BlackElo "2413"]
[EventDate "2002.05.27"]
[PlyCount "114"]

1.d4 Nf6 2.c4 e6 3.Nc3 Bb4 4.Qc2 c5 5.dxc5 O-O 6.a3 Bxc5 7.Nf3 b6 8.Bf4 
Bb7 9.Rd1 Be7 10.Nb5 Be4 11.Qc1 Na6 12.Nd6 Nc5 13.b4 Nb7 14.Nxe4 Nxe4 15.
e3 a5 16.Bd3 Nf6 17.Qc3 axb4 18.axb4 Ra4 19.Rb1 Qa8 20.O-O Rc8 21.Qd2 Ra2 
22.Rb2 Rxb2 23.Qxb2 Qa4 24.Rb1 d5 25.Nd2 Qd7 26.Be5 dxc4 27.Bxc4 b5 28.Be2
Nd6 29.e4 Ndxe4 30.Nxe4 Nxe4 31.Bxg7 Qd2 32.Bxb5 Rc2 33.Qd4 Rc1+ 34.Rxc1 
Qxc1+ 35.Bf1 Nd2 36.Qa1 Qxa1 37.Bxa1 Bxb4 38.Bd3 Nb3 39.Bb2 Nc5 40.Bc2 Nd7
41.g4 Bd6 42.Kg2 Be5 43.Bc1 Kg7 44.f4 Bd4 45.Kf3 Bc3 46.h3 Nf6 47.Bb3 Nd7 
48.Be3 Nf6 49.Ke2 Ng8 50.Kd3 Bf6 51.g5 Bb2 52.Bc5 h6 53.Ke4 Kg6 54.h4 hxg5
55.fxg5 f6 56.Be3 fxg5 57.hxg5 Kf7 1/2-1/2

[Event "3rd EUR-ch (w)"]
[Site "Varna BUL"]
[Date "2002.06.03"]
[Round "7.5"]
[White "Zhukova, Natalia"]
[Black "Dworakowska, Joanna"]
[Result "1/2-1/2"]
[WhiteElo "2425"]
[BlackElo "2445"]
[EventDate "2002.05.27"]
[PlyCount "185"]

1.d4 f5 2.c4 Nf6 3.Nf3 g6 4.g3 Bg7 5.Bg2 O-O 6.O-O d6 7.Nc3 Nc6 8.d5 Na5 
9.Qa4 b6 10.Qc2 Bd7 11.b3 c5 12.dxc6 Bxc6 13.Bb2 Rc8 14.Rad1 Qe8 15.Qd2 
Nb7 16.Nd4 Bxg2 17.Kxg2 Qf7 18.Nc2 Nc5 19.f3 Rfd8 20.e4 fxe4 21.fxe4 Qe8 
22.Nb4 Qd7 23.Rde1 Rf8 24.Nbd5 Ng4 25.Qg5 Nd3 26.Re2 Rxf1 27.Kxf1 Rf8+ 28.
Kg2 Ne1+ 29.Rxe1 Rf2+ 30.Kg1 Rxb2 31.Re2 Bxc3 32.Nxc3 Rxe2 33.Nxe2 Ne5 34.
Kg2 Qg4 35.Qxg4 Nxg4 36.Nc3 Kf7 37.Nb5 a5 38.Nc7 Nf6 39.Kf3 Nd7 40.Ke3 Kf6
41.Nd5+ Kf7 42.Nc7 e6 43.Nb5 Ke7 44.Na7 Kd8 45.Nb5 Ke7 46.Na7 Kf6 47.Kd4 
Kg5 48.h3 h5 49.Ke3 h4 50.g4 Kf6 51.Nc8 Ke5 52.g5 d5 53.cxd5 exd5 54.exd5 
Kf5 55.Nd6+ Kxg5 56.Ke4 Kf6 57.Nc4 g5 58.a4 Nc5+ 59.Kf3 Nxb3 60.Nxb6 Kf5 
61.d6 Nd4+ 62.Ke3 Nc6 63.d7 Ke6 64.Ke4 Kd6 65.Kf5 Kc7 66.Nc4 Kxd7 67.Kxg5 
Ke6 68.Kxh4 Kd5 69.Nd2 Kc5 70.Kg5 Kb4 71.h4 Kxa4 72.Nc4 Kb5 73.Nxa5 Ne5 
74.Kf5 Nf7 75.Kf6 Nh6 76.Nb7 Kc6 77.Nd8+ Kd7 78.Nf7 Ng4+ 79.Kg7 Ke6 80.Kg6
Ke7 81.Kg7 Ke6 82.Kg6 Ke7 83.h5 Kf8 84.Ng5 Ne5+ 85.Kf6 Ng4+ 86.Kf5 Nh6+ 
87.Kg6 Ng4 88.Nf3 Kg8 89.Kg5 Nf2 90.h6 Nh3+ 91.Kg6 Nf4+ 92.Kf5 Kh7 93.Ke4 
1/2-1/2

[Event "3rd EUR-ch (w)"]
[Site "Varna BUL"]
[Date "2002.06.03"]
[Round "7.7"]
[White "Mkrtchian, Lilit"]
[Black "Arakhamia-Grant, Ketevan"]
[Result "1/2-1/2"]
[WhiteElo "2391"]
[BlackElo "2425"]
[EventDate "2002.05.27"]
[PlyCount "105"]

1.e4 c5 2.Nf3 Nc6 3.Nc3 e5 4.Bc4 d6 5.d3 Be7 6.Nd2 Nf6 7.Nf1 Bg4 8.f3 Be6 
9.Ne3 O-O 10.O-O a6 11.a4 Nb4 12.Qe2 Nh5 13.g3 g6 14.Ned5 Kh8 15.Nxb4 cxb4
16.Nd5 Rc8 17.Be3 Bxd5 18.Bxd5 Qd7 19.Bh6 Ng7 20.f4 Bf6 21.Rad1 exf4 22.d4
Qe7 23.Rxf4 Rc7 24.Qf2 Bg5 25.Bxg5 Qxg5 26.Bxf7 Nh5 27.Rf3 Qg4 28.Rf1 Qxe4
29.Bd5 Rxf3 30.Bxe4 Rxf2 31.Rxf2 Kg7 32.a5 Nf6 33.Bf3 d5 34.Re2 Kf7 35.Kf2
Rc6 36.Ke3 b6 37.axb6 Rxb6 38.Kd3 a5 39.Re5 Rd6 40.b3 h6 41.Bg2 g5 42.h4 
g4 43.Ke3 Rc6 44.Bxd5+ Nxd5+ 45.Rxd5 Rxc2 46.Rxa5 Rc3+ 47.Kf4 Rxb3 48.Rb5 
Rd3 49.Rxb4 h5 50.Rb7+ Ke6 51.Rb6+ Ke7 52.Rb7+ Ke6 53.Ke4 1/2-1/2

[Event "3rd EUR-ch (w)"]
[Site "Varna BUL"]
[Date "2002.06.03"]
[Round "7.8"]
[White "Grabuzova, Tatiana"]
[Black "Prudnikova, Svetlana"]
[Result "1/2-1/2"]
[WhiteElo "2388"]
[BlackElo "2422"]
[EventDate "2002.05.27"]
[PlyCount "134"]

1.b3 e5 2.Bb2 Nc6 3.e3 Nf6 4.Bb5 Bd6 5.Na3 Na5 6.Be2 a6 7.c4 Nc6 8.Nc2 O-O
9.d3 Re8 10.Nf3 Bf8 11.e4 d6 12.h3 Ne7 13.O-O Ng6 14.Re1 c5 15.Bf1 Nf4 16.
Kh2 h6 17.g3 Ne6 18.Ne3 Be7 19.Nf5 Bf8 20.Qd2 Kh7 21.Bc3 g6 22.Ne3 Nd4 23.
Bg2 a5 24.Rab1 b5 25.cxb5 Nxb5 26.Ba1 Be6 27.Nc4 Nd7 28.a4 Nd4 29.Bc3 Nc6 
30.Ng1 f6 31.f4 Bxc4 32.dxc4 Nd4 33.Bf3 Nb8 34.f5 g5 35.Bh5 Re7 36.Ne2 
Nbc6 37.Nc1 Rb8 38.Rb2 Reb7 39.Bd1 Nb4 40.Kg2 Qe8 41.g4 Qd8 42.Rh1 Rg7 43.
Kg3 Rbb7 44.Qe3 Kg8 45.Rbh2 Kf7 46.Bd2 Ke8 47.h4 Kd7 48.hxg5 hxg5 49.Rh6 
Kc6 50.Rh8 Rbf7 51.Bxb4 cxb4 52.c5 dxc5 53.Qd3 Kb6 54.Qc4 Rd7 55.Bf3 Rgf7 
56.Ne2 Qc7 57.Kg2 Ka7 58.Rc1 Qb7 59.Nxd4 Rxd4 60.Qe6 Qd7 61.Be2 Bd6 62.Bc4
Rd2+ 63.Kf3 Qxe6 64.Bxe6 Rc7 65.Bc4 Be7 66.Rh7 Kb6 67.Ke3 Rd8 1/2-1/2

[Event "3rd EUR-ch (w)"]
[Site "Varna BUL"]
[Date "2002.06.03"]
[Round "7.9"]
[White "Aleksieva, Silvia"]
[Black "Peptan, Corina-Isabela"]
[Result "0-1"]
[WhiteElo "2334"]
[BlackElo "2480"]
[EventDate "2002.05.27"]
[PlyCount "72"]

1.e4 c5 2.Nf3 d6 3.d4 cxd4 4.Nxd4 Nf6 5.Nc3 a6 6.Be3 Nc6 7.f3 e6 8.Qd2 Be7
9.O-O-O O-O 10.Kb1 Nxd4 11.Qxd4 Qc7 12.g4 b5 13.Bc1 Bb7 14.g5 Nd7 15.Qf2 
b4 16.Ne2 Rfc8 17.Nd4 d5 18.Bh3 Bc5 19.Qe2 Bxd4 20.Rxd4 dxe4 21.Rxb4 exf3 
22.Qf2 Bd5 23.Rh4 Nc5 24.Re1 Qc6 25.Qe3 Ne4 26.c3 f2 27.Re2 Qa4 28.Rxe4 
Bxa2+ 29.Ka1 Rc4 30.b3 Bxb3+ 31.Kb1 Rxe4 32.Qxe4 Ba2+ 33.Ka1 Bc4+ 34.Kb1 
Rb8+ 35.Rb2 Rxb2+ 36.Bxb2 Qd1+ 0-1

[Event "3rd EUR-ch (w)"]
[Site "Varna BUL"]
[Date "2002.06.03"]
[Round "7.10"]
[White "Kachiani-Gersinska, Ketino"]
[Black "Sedina, Elena"]
[Result "1/2-1/2"]
[WhiteElo "2465"]
[BlackElo "2407"]
[EventDate "2002.05.27"]
[PlyCount "57"]

1.d4 Nf6 2.c4 c6 3.Nf3 d5 4.e3 Bf5 5.Nc3 e6 6.Nh4 Bg6 7.Nxg6 hxg6 8.g3 
Nbd7 9.Bg2 dxc4 10.Qe2 Nb6 11.O-O Be7 12.Rd1 O-O 13.e4 Re8 14.Be3 a5 15.a3
a4 16.h4 Ra5 17.Rd2 Nfd7 18.Rad1 Qc7 19.d5 exd5 20.exd5 cxd5 21.Nxd5 Nxd5 
22.Bxd5 Nf6 23.Bf4 Qc8 24.Qxc4 Rxd5 25.Qxc8 Rxc8 26.Rxd5 Nxd5 27.Rxd5 Rc2 
28.Rb5 Bf6 29.Rxb7 1/2-1/2

[Event "3rd EUR-ch (w)"]
[Site "Varna BUL"]
[Date "2002.06.03"]
[Round "7.12"]
[White "Danielian, Elina"]
[Black "Kosintseva, Nadezhda"]
[Result "1/2-1/2"]
[WhiteElo "2411"]
[BlackElo "2336"]
[EventDate "2002.05.27"]
[PlyCount "153"]

1.Nf3 g6 2.g3 Bg7 3.Bg2 f5 4.O-O Nf6 5.c4 O-O 6.Nc3 d6 7.Rb1 e5 8.d3 h6 9.
b4 g5 10.Bb2 f4 11.Nd2 Nc6 12.b5 Nd4 13.Nb3 Qe8 14.Nxd4 exd4 15.Ne4 fxg3 
16.Nxf6+ Bxf6 17.hxg3 Rb8 18.Qd2 b6 19.Rbe1 Qg6 20.e3 Bf5 21.Be4 Bxe4 22.
dxe4 dxe3 23.Rxe3 Bxb2 24.Qxb2 Rbe8 25.e5 Qg7 26.Rfe1 Rf5 27.Qc2 Rfxe5 28.
Rxe5 dxe5 29.Qe4 Qf7 30.Re3 Kg7 31.Ra3 Qg6 32.Qd5 Re7 33.Rxa7 Qf6 34.Ra3 
Rf7 35.Qd2 h5 36.Re3 Qf5 37.Qe2 Re7 38.Qxh5 e4 39.g4 Qg6 40.Qxg6+ Kxg6 41.
f3 Kf6 42.Kf2 Rh7 43.Rxe4 Rh2+ 44.Ke3 Rxa2 45.f4 gxf4+ 46.Rxf4+ Ke6 47.
Re4+ Kf6 48.Rd4 Rc2 49.Kd3 Rc1 50.Kd2 Rg1 51.Rd7 Ke5 52.Kc3 Ra1 53.Kb3 
Rb1+ 54.Kc2 Rg1 55.Rxc7 Kd4 56.Rc6 Rg3 57.g5 Rxg5 58.Kb3 Rg1 59.Rd6+ Ke5 
60.Rxb6 Kd4 61.Rd6+ Kc5 62.Rd5+ Kb6 63.Kb4 Rb1+ 64.Kc3 Rc1+ 65.Kd4 Rd1+ 
66.Ke5 Re1+ 67.Kd6 Rc1 68.Rd4 Rh1 69.Re4 Rd1+ 70.Ke5 Kc5 71.Ke6 Rd6+ 72.
Kf5 Rd2 73.Kf4 Rd1 74.Ke3 Rd8 75.Ke2 Rd7 76.Rh4 Rd8 77.Ke3 1/2-1/2

[Event "3rd EUR-ch (w)"]
[Site "Varna BUL"]
[Date "2002.06.03"]
[Round "7.14"]
[White "Jackova, Jana"]
[Black "Peng Zhaoqin"]
[Result "1/2-1/2"]
[WhiteElo "2325"]
[BlackElo "2472"]
[EventDate "2002.05.27"]
[PlyCount "109"]

1.e4 e6 2.d4 d5 3.Nc3 Nf6 4.Bg5 Bb4 5.e5 h6 6.Bh4 g5 7.Bg3 Ne4 8.Ne2 c5 9.
a3 Bxc3+ 10.Nxc3 Qa5 11.Qd3 Nc6 12.dxc5 Bd7 13.O-O-O Nxc5 14.Qb5 Qxb5 15.
Nxb5 Ke7 16.Nd6 b6 17.h4 f6 18.exf6+ Kxf6 19.b4 Na4 20.c4 g4 21.h5 a6 22.
Kc2 e5 23.Rxd5 Be6 24.Ne4+ Ke7 25.Rd6 Rac8 26.Bh4+ Kf7 27.c5 bxc5 28.Bxa6 
cxb4 29.Bxc8 Rxc8 30.Kd2 bxa3 31.Ra1 Na5 32.Rd3 Nc4+ 33.Ke1 Rb8 34.Rdxa3 
Nxa3 35.Rxa3 Rb1+ 36.Kd2 Bb3 37.Nc3 Rb2+ 38.Kd3 Nc5+ 39.Ke3 Bc4 40.Ra7+ 
Ke6 41.Re7+ Kd6 42.Ne4+ Kc6 43.Rxe5 Re2+ 44.Kd4 Nxe4 45.Rxe4 Rxe4+ 46.Kxe4
Bf7 47.Kf5 Bxh5 48.g3 Kd7 49.Bf6 Be8 50.Kxg4 Ke6 51.Bg7 h5+ 52.Kg5 Kf7 53.
Bd4 Kg8 54.f4 Kf7 55.f5 1/2-1/2

[Event "3rd EUR-ch (w)"]
[Site "Varna BUL"]
[Date "2002.06.03"]
[Round "7.16"]
[White "Bojkovic, Natasa"]
[Black "Lallemand, Roza"]
[Result "1-0"]
[WhiteElo "2431"]
[BlackElo "2300"]
[EventDate "2002.05.27"]
[PlyCount "100"]

1.c4 e5 2.g3 d6 3.Bg2 g6 4.Nc3 Bg7 5.d3 Nf6 6.e4 Nc6 7.Nge2 O-O 8.h3 Be6 
9.Nd5 Qd7 10.Bg5 Ne8 11.Qd2 f5 12.exf5 Rxf5 13.O-O Rf7 14.b3 Nd4 15.Nxd4 
exd4 16.Rfe1 c6 17.Qe2 Bxd5 18.cxd5 Nc7 19.dxc6 bxc6 20.Qg4 Qxg4 21.hxg4 
d5 22.Rac1 Ne6 23.Bd2 Nd8 24.Ba5 Nb7 25.Bd2 Nd8 26.Ba5 Nb7 27.b4 Nxa5 28.
bxa5 Rf6 29.Rxc6 Rxc6 30.Bxd5+ Kf8 31.Bxc6 Rc8 32.Bb5 Rc2 33.Bc4 Bh6 34.
Kg2 Rc1 35.Rxc1 Bxc1 36.Kf3 Ke7 37.Ke4 Bb2 38.g5 Kf8 39.f4 Kg7 40.Ke5 Bc3 
41.a6 Bb4 42.Kxd4 h6 43.gxh6+ Kxh6 44.Kd5 Kg7 45.d4 Bc3 46.Bb3 Bb2 47.g4 
Bc3 48.Bc4 Bb2 49.Bd3 Bc3 50.Be4 Bb2 1-0

[Event "3rd EUR-ch (w)"]
[Site "Varna BUL"]
[Date "2002.06.03"]
[Round "7.17"]
[White "Ovod, Evgenia"]
[Black "Hernandez Estevez, Yudania"]
[Result "1-0"]
[WhiteElo "2379"]
[BlackElo "2247"]
[EventDate "2002.05.27"]
[PlyCount "49"]

1.d4 d5 2.c4 c6 3.Nf3 Nf6 4.Nc3 dxc4 5.e4 b5 6.e5 Nd5 7.a4 Bf5 8.axb5 Nxc3
9.bxc3 cxb5 10.Ng5 e6 11.g4 Bg6 12.Bg2 Nd7 13.Qf3 Rc8 14.Rxa7 b4 15.Qb7 
Rb8 16.Qa6 Qb6 17.Qa4 Qb5 18.Qxb5 Rxb5 19.Bc6 Rd5 20.Bxd5 exd5 21.Ra8+ Ke7
22.cxb4 h6 23.b5 hxg5 24.Ba3+ Ke6 25.Re8+ 1-0

[Event "3rd EUR-ch (w)"]
[Site "Varna BUL"]
[Date "2002.06.03"]
[Round "7.18"]
[White "Kononenko, Tatiana"]
[Black "Kadziolka, Beata"]
[Result "1-0"]
[WhiteElo "2370"]
[BlackElo "2235"]
[EventDate "2002.05.27"]
[PlyCount "61"]

1.d4 f5 2.Nf3 g6 3.g3 Nf6 4.Bg2 Bg7 5.O-O O-O 6.c3 e6 7.Nbd2 d6 8.Re1 Nc6 
9.e4 f4 10.b4 fxg3 11.fxg3 Qe7 12.b5 Nd8 13.Ba3 Nf7 14.e5 Ng4 15.h3 Ngh6 
16.Ne4 Bd7 17.Qd3 Rfd8 18.Rab1 Rac8 19.g4 b6 20.c4 Qe8 21.Nf6+ Bxf6 22.
exf6 c6 23.Nh4 Nh8 24.bxc6 Bxc6 25.d5 Ba8 26.dxe6 Bxg2 27.Nxg2 Qc6 28.f7+ 
N8xf7 29.exf7+ Nxf7 30.Rec1 Re8 31.Qd5 1-0

[Event "3rd EUR-ch (w)"]
[Site "Varna BUL"]
[Date "2002.06.03"]
[Round "7.20"]
[White "Slavina, Irina"]
[Black "Calzetta Ruiz, Monica"]
[Result "1/2-1/2"]
[WhiteElo "2370"]
[BlackElo "2278"]
[EventDate "2002.05.27"]
[PlyCount "82"]

1.Nf3 c5 2.c4 g6 3.Nc3 Bg7 4.d4 cxd4 5.Nxd4 Nf6 6.g3 O-O 7.Bg2 Nc6 8.O-O 
Nxd4 9.Qxd4 d6 10.Qd3 Nd7 11.b3 Nc5 12.Qd2 Bd7 13.Bb2 Bc6 14.e4 Qa5 15.
Rad1 Rfe8 16.Qc2 Rac8 17.Rfe1 a6 18.Bh3 Bd7 19.Bxd7 Nxd7 20.Rd5 b5 21.Rb1 
Nf6 22.Rd4 Ng4 23.Rd5 Nf6 24.Rd4 Nd7 25.Rd5 Nb6 26.Rdd1 bxc4 27.b4 Qxb4 
28.Nd5 Qa4 29.Qxa4 Nxa4 30.Bxg7 Kxg7 31.Rb4 e6 32.Rxa4 exd5 33.exd5 c3 34.
Rxa6 c2 35.Rc1 Re4 36.Rc6 Rxc6 37.dxc6 Rc4 38.Kf1 Kf6 39.Ke2 Ke5 40.Kd3 
Rxc6 41.Rxc2 Ra6 1/2-1/2

[Event "3rd EUR-ch (w)"]
[Site "Varna BUL"]
[Date "2002.06.03"]
[Round "7.21"]
[White "Ionica, Iulia-Ionela"]
[Black "Shumiakina, Tatiana"]
[Result "0-1"]
[WhiteElo "2228"]
[BlackElo "2366"]
[EventDate "2002.05.27"]
[PlyCount "96"]

1.e4 c5 2.Nf3 Nc6 3.d4 cxd4 4.Nxd4 Nf6 5.Nc3 e5 6.Ndb5 d6 7.Nd5 Nxd5 8.
exd5 Nb8 9.a4 a6 10.Na3 Be7 11.Be2 O-O 12.O-O Nd7 13.Nc4 Nb6 14.Ne3 f5 15.
f4 exf4 16.Rxf4 g6 17.Ra3 Bf6 18.a5 Nd7 19.Nc4 Ne5 20.Nb6 Rb8 21.Rb4 g5 
22.Be3 f4 23.Bd4 Bf5 24.Nc4 Qe7 25.Bf2 Rbc8 26.Rab3 Rc7 27.Bb6 Rd7 28.Bf2 
Re8 29.Nd2 Bg7 30.h3 Rc8 31.c4 Rf8 32.Nf3 Nxf3+ 33.Bxf3 Be5 34.Bg4 Rc7 35.
Bxf5 Rxf5 36.Qg4 Rf7 37.Rd3 Qf6 38.c5 dxc5 39.Rb6 Bd6 40.Qe6 Rd7 41.Kh2 
Kg7 42.Qg4 Qe5 43.b4 f3+ 44.g3 Qe2 45.Rxf3 Qxf3 46.Qxf3 Rxf3 47.Kg2 Rf5 
48.bxc5 Rxf2+ 0-1

[Event "3rd EUR-ch (w)"]
[Site "Varna BUL"]
[Date "2002.06.03"]
[Round "7.22"]
[White "Zimina, Olga"]
[Black "Koskoska, Gabriela"]
[Result "1-0"]
[WhiteElo "2360"]
[BlackElo "2229"]
[EventDate "2002.05.27"]
[PlyCount "125"]

1.e4 c5 2.Nf3 e6 3.c3 Nf6 4.e5 Nd5 5.Bc4 d6 6.d4 cxd4 7.cxd4 Nc6 8.O-O Be7
9.Qe2 O-O 10.Qe4 Qc7 11.Bd3 f5 12.exf6 Nxf6 13.Qe2 Nb4 14.Bc4 d5 15.Bb3 
Bd6 16.Nc3 a6 17.Be3 Bd7 18.Rac1 Nc6 19.a3 Be8 20.Ng5 Bh5 21.Qd2 Bxh2+ 22.
Kh1 Rae8 23.Nxe6 Rxe6 24.Nxd5 Nxd5 25.Bxd5 Bf7 26.g3 Bxg3 27.Bxe6 Bd6 28.
Bxf7+ Qxf7 29.f4 Qf5 30.Qg2 Rf6 31.Rf3 Rh6+ 32.Kg1 Qd3 33.Qc2 Rg6+ 34.Kf2 
Qb5 35.Qc4+ Qxc4 36.Rxc4 Rf6 37.f5 Ne7 38.Bg5 Rf7 39.Bxe7 Bxe7 40.Rc8+ Bf8
41.Ke3 Re7+ 42.Kd3 Kf7 43.Rh3 h6 44.Rg3 Rd7 45.Rg6 Be7 46.Rb6 Bf6 47.Rb8 
Rxd4+ 48.Ke3 Rd7 49.R6xb7 Ke7 50.b3 Bd4+ 51.Ke4 Bc3 52.Rxd7+ Kxd7 53.Ra8 
a5 54.Kd3 Bb2 55.Rxa5 Kc6 56.a4 h5 57.f6 gxf6 58.Rxh5 Kb6 59.Ke4 Bc3 60.
Kf5 Kc5 61.Ke6+ Kb4 62.Rb5+ Ka3 63.a5 1-0

[Event "3rd EUR-ch (w)"]
[Site "Varna BUL"]
[Date "2002.06.03"]
[Round "7.23"]
[White "Khasanova, Elmira"]
[Black "Zayats, Elena"]
[Result "1/2-1/2"]
[WhiteElo "2256"]
[BlackElo "2346"]
[EventDate "2002.05.27"]
[PlyCount "76"]

1.d4 Nf6 2.c4 e6 3.Nc3 Bb4 4.g3 c5 5.Nf3 Ne4 6.Qc2 d5 7.Bg2 Qa5 8.Bd2 Nxd2
9.Qxd2 dxc4 10.Ne5 O-O 11.O-O f6 12.Nxc4 Qa6 13.Qd3 cxd4 14.Qxd4 Nc6 15.
Qh4 Be7 16.Ne3 Bd7 17.Rfd1 Rad8 18.Rd2 Bc8 19.Rad1 Rxd2 20.Rxd2 Rd8 21.
Rxd8+ Bxd8 22.Nc4 Be7 23.Qf4 e5 24.Bd5+ Kf8 25.Qh4 Bf5 26.e4 Bg6 27.Qg4 
Nd8 28.Qd7 Be8 29.Qh3 h5 30.Qc8 g6 31.b3 Bc6 32.a4 Ke8 33.Be6 Bxa4 34.Nd5 
Kf8 35.Nc7 Qc6 36.Bd5 Qd7 37.Ne6+ Ke8 38.Nc7+ Kf8 1/2-1/2

[Event "3rd EUR-ch (w)"]
[Site "Varna BUL"]
[Date "2002.06.03"]
[Round "7.24"]
[White "Repkova, Eva"]
[Black "Movsisian, Naira"]
[Result "1-0"]
[WhiteElo "2345"]
[BlackElo "2078"]
[EventDate "2002.05.27"]
[PlyCount "109"]

1.e4 d6 2.f4 c6 3.Nf3 Bg4 4.h3 Bxf3 5.Qxf3 e5 6.Bc4 Nf6 7.d3 Nbd7 8.O-O 
exf4 9.Qxf4 Ne5 10.Bb3 Be7 11.d4 Ng6 12.Qf5 Qc8 13.Nc3 Qxf5 14.Rxf5 O-O 
15.Be3 Nh4 16.Rf2 Ng6 17.Re1 b5 18.a3 a6 19.Bg5 Rae8 20.Rfe2 h6 21.Bd2 Nd7
22.Nd1 Bh4 23.Rf1 c5 24.dxc5 dxc5 25.Bd5 Nde5 26.Ne3 Bg5 27.g3 Bd8 28.Nf5 
Bc7 29.Kg2 Kh7 30.Be3 Nd7 31.Bb7 a5 32.Bc6 Rd8 33.Bxb5 Be5 34.c3 f6 35.Rd1
Nb6 36.Rxd8 Rxd8 37.Bxc5 Nc8 38.a4 h5 39.h4 Bc7 40.Ne3 Nd6 41.Nd5 Nxe4 42.
Nxc7 Nxc5 43.b4 axb4 44.cxb4 Nd3 45.Bxd3 Rxd3 46.a5 f5 47.a6 f4 48.gxf4 
Nxf4+ 49.Kf2 Nxe2 50.Kxe2 Ra3 51.b5 g5 52.b6 Ra2+ 53.Kd3 gxh4 54.b7 Rb2 
55.Ne6 1-0

[Event "3rd EUR-ch (w)"]
[Site "Varna BUL"]
[Date "2002.06.03"]
[Round "7.26"]
[White "Zakurdyaeva, Irina"]
[Black "Galoian, Lilit"]
[Result "1/2-1/2"]
[WhiteElo "2318"]
[BlackElo "2163"]
[EventDate "2002.05.27"]
[PlyCount "123"]

1.e4 c5 2.Nf3 Nc6 3.Bb5 d6 4.O-O Bd7 5.Re1 Nf6 6.Bxc6 Bxc6 7.e5 dxe5 8.
Nxe5 Rc8 9.Nc3 g6 10.Qe2 Bg7 11.d3 e6 12.Bg5 O-O 13.Nxc6 Rxc6 14.Ne4 Re8 
15.Qf3 e5 16.Re2 Qb6 17.Bxf6 Bxf6 18.Rae1 Bg7 19.Ng5 Qc7 20.b3 Qd7 21.Qg3 
f6 22.Nf3 b5 23.h4 Bh6 24.Nd2 Bf4 25.Qf3 Bxd2 26.Rxd2 c4 27.d4 exd4 28.
Rxe8+ Qxe8 29.Qd5+ Kf8 30.Rxd4 Qe1+ 31.Kh2 Qe5+ 32.Qxe5 fxe5 33.Rd5 b4 34.
Rxe5 Ra6 35.Re4 c3 36.Rxb4 Rxa2 37.Rb8+ Kf7 38.Rb7+ Kg8 39.Rc7 Rxc2 40.Kg3
a5 41.Kf3 Rc1 42.Ke2 c2 43.Kd3 Rh1 44.Rxc2 Rxh4 45.Rc5 a4 46.Rc4 Rh2 47.
Rxa4 Rxg2 48.Rf4 h5 49.b4 Rg1 50.b5 Rb1 51.Kc4 Kg7 52.Kc5 g5 53.Rf3 h4 54.
Rh3 Kg6 55.b6 Kf5 56.Kc6 Kg4 57.Rh2 h3 58.b7 Rc1+ 59.Kd7 Rb1 60.Kc7 Rc1+ 
61.Kb8 Rb1 62.Kc7 1/2-1/2

[Event "3rd EUR-ch (w)"]
[Site "Varna BUL"]
[Date "2002.06.03"]
[Round "7.27"]
[White "Bogza, Adina"]
[Black "Pahtz, Elisabeth"]
[Result "0-1"]
[WhiteElo "2251"]
[BlackElo "2385"]
[EventDate "2002.05.27"]
[PlyCount "112"]

1.Nf3 g6 2.d4 Bg7 3.b3 c5 4.Bb2 Nc6 5.e3 cxd4 6.Nxd4 Nf6 7.Be2 O-O 8.c4 d6
9.O-O Bd7 10.Nc3 a6 11.Bf3 Rb8 12.Qd2 Na7 13.Rac1 Ng4 14.a4 Ne5 15.Be2 f5 
16.Nd5 e6 17.Nf4 Re8 18.Rfd1 Nc8 19.Nf3 Nf7 20.h4 e5 21.Nd5 h6 22.c5 g5 
23.hxg5 hxg5 24.cxd6 g4 25.Ne1 g3 26.fxg3 Ncxd6 27.Nc7 Qg5 28.Nxe8 Bxe8 
29.Nf3 Qxg3 30.Qe1 Qg6 31.Bc4 Nxc4 32.Rxc4 Bc6 33.Qf2 Rf8 34.Nh4 Qh5 35.
Rdc1 Nh6 36.Qg3 Ng4 37.Rc5 Nxe3 38.Re1 f4 39.Qh3 f3 40.Nxf3 Qxh3 41.gxh3 
Rxf3 42.Bxe5 Bh6 43.h4 Rh3 44.Kf2 Ng4+ 45.Ke2 Re3+ 46.Kf1 Rf3+ 47.Ke2 Re3+
48.Kf1 Bg2+ 49.Kxg2 Rxe1 50.Bg3 Re7 51.b4 Nf6 52.b5 Re2+ 53.Kf3 Re3+ 54.
Kg2 Rxg3+ 55.Kh2 Bf4 56.Rf5 Ng4+ 0-1

[Event "3rd EUR-ch (w)"]
[Site "Varna BUL"]
[Date "2002.06.03"]
[Round "7.29"]
[White "Voiska, Margarita"]
[Black "Richards, Heather"]
[Result "1-0"]
[WhiteElo "2300"]
[BlackElo "2252"]
[EventDate "2002.05.27"]
[PlyCount "121"]

1.Nf3 e6 2.c4 b6 3.g3 Bb7 4.Bg2 f5 5.O-O Nf6 6.b3 g6 7.Bb2 Bg7 8.d3 O-O 9.
Nbd2 Qe7 10.Qc2 Na6 11.a3 d6 12.e4 f4 13.d4 Ng4 14.h3 Nh6 15.b4 c5 16.b5 
Nc7 17.dxc5 dxc5 18.g4 Rad8 19.e5 Nf7 20.Rfe1 Rd7 21.Ne4 Bxe4 22.Qxe4 Ng5 
23.Nxg5 Qxg5 24.Rad1 Rdf7 25.Bf3 h5 26.Kg2 Bh8 27.Rh1 Ne8 28.Kf1 h4 29.Kg2
Kh7 30.Kh2 Re7 31.Rd3 Bg7 32.a4 Rff7 33.Rhd1 Bh8 34.Bc3 Bg7 35.Rd8 Nc7 36.
a5 bxa5 37.Ra1 Rd7 38.Rxd7 Rxd7 39.Rxa5 Ne8 40.Ra6 Qe7 41.Kg2 Qf7 42.Ra1 
Nd6 43.Qe2 Nc8 44.Bc6 Rd8 45.Rd1 Rxd1 46.Qxd1 Nb6 47.Qd3 Qc7 48.Be8 Qb7+ 
49.Kg1 Qe7 50.Bxg6+ Kh6 51.Bh5 Qg5 52.Qd6 Kh7 53.Qxe6 Qd8 54.Bf7 Qd1+ 55.
Kh2 Qc2 56.Qf5+ Qxf5 57.gxf5 Nc8 58.f6 Bf8 59.Kg2 Kh6 60.Kf3 Kg5 61.e6 1-0

[Event "3rd EUR-ch (w)"]
[Site "Varna BUL"]
[Date "2002.06.03"]
[Round "7.30"]
[White "Sikorova, Olga"]
[Black "Agrest, Svetlana"]
[Result "1-0"]
[WhiteElo "2298"]
[BlackElo "2225"]
[EventDate "2002.05.27"]
[PlyCount "159"]

1.e4 e5 2.Bc4 Nf6 3.d3 c6 4.Nf3 d5 5.Bb3 Bd6 6.Nc3 dxe4 7.dxe4 h6 8.O-O 
O-O 9.Qe2 Qe7 10.Be3 Na6 11.Rad1 Bc5 12.Rd2 b5 13.a3 Bxe3 14.Qxe3 Nc5 15.
Rfd1 a5 16.Rd6 Nxb3 17.cxb3 Be6 18.Nxe5 Bxb3 19.Nxc6 Qe8 20.Re1 Bc4 21.b3 
Bxb3 22.Nxb5 Rc8 23.Qxb3 Rxc6 24.Rxc6 Qxc6 25.e5 Nd7 26.h3 Rb8 27.a4 Nf8 
28.Qd3 Ne6 29.Qd6 Qb7 30.Qd2 Qb6 31.Rc1 Rd8 32.Nd6 Rb8 33.Kh2 Qb3 34.Rc4 
Rd8 35.Qc2 Qxc2 36.Rxc2 Rb8 37.Nb5 Rd8 38.Nd6 Rb8 39.Rc4 g5 40.g3 Rb2 41.
Kg2 Re2 42.Rc8+ Kg7 43.Nf5+ Kh7 44.Ne3 Ra2 45.Rc4 Kg6 46.h4 Rb2 47.hxg5 
hxg5 48.Kf3 Ra2 49.Kg2 Rb2 50.Kf1 Ra2 51.Ke1 Rb2 52.f4 gxf4 53.gxf4 Kg7 
54.Nf5+ Kg6 55.Ne7+ Kh5 56.f5 Ng5 57.Nc6 Nf3+ 58.Kd1 Kg5 59.e6 fxe6 60.
fxe6 Rd2+ 61.Kc1 Re2 62.e7 Nh4 63.Kd1 Re6 64.Rc2 Nf5 65.Rc5 Kf6 66.Rxf5+ 
Kxf5 67.Nd4+ Kf6 68.Nxe6 Kxe7 69.Nd4 Kd6 70.Kc2 Kc5 71.Kc3 Kd5 72.Nb3 Kc6 
73.Nxa5+ Kb6 74.Kb4 Ka6 75.Nc4 Ka7 76.Kb5 Kb7 77.Nd6+ Ka7 78.Ka5 Kb8 79.
Kb6 Ka8 80.Nb5 1-0

[Event "3rd EUR-ch (w)"]
[Site "Varna BUL"]
[Date "2002.06.03"]
[Round "7.31"]
[White "Gasparian, Narine"]
[Black "Andreeva, Natalia"]
[Result "0-1"]
[WhiteElo "2204"]
[BlackElo "2289"]
[EventDate "2002.05.27"]
[PlyCount "62"]

1.d4 Nf6 2.Nf3 g6 3.c4 Bg7 4.Nc3 d5 5.Qb3 dxc4 6.Qxc4 O-O 7.e4 Bg4 8.Be3 
Nc6 9.Be2 Nd7 10.Rd1 Nb6 11.Qc5 Qd6 12.e5 Qxc5 13.dxc5 Nd7 14.h3 Bxf3 15.
gxf3 Rad8 16.f4 Ndb8 17.O-O Nb4 18.a3 Nc2 19.Nd5 Nxe3 20.fxe3 c6 21.Nxe7+ 
Kh8 22.Rxd8 Rxd8 23.Rd1 Re8 24.Bc4 Bf8 25.Bxf7 Rxe7 26.e6 Na6 27.e4 Nxc5 
28.f5 Nxe4 29.fxg6 hxg6 30.h4 Kg7 31.Re1 Nd6 0-1

[Event "3rd EUR-ch (w)"]
[Site "Varna BUL"]
[Date "2002.06.03"]
[Round "7.32"]
[White "Schuurman, Petra"]
[Black "Makka, Ioulia"]
[Result "1-0"]
[WhiteElo "2283"]
[BlackElo "2188"]
[EventDate "2002.05.27"]
[PlyCount "73"]

1.d4 d5 2.c4 c6 3.Nc3 Nf6 4.e3 a6 5.Nf3 b5 6.cxd5 cxd5 7.Ne5 e6 8.Bd2 Bb7 
9.a4 b4 10.Na2 a5 11.Nc1 Nbd7 12.Bb5 Bd6 13.Ncd3 O-O 14.Rc1 Ba6 15.Bxa6 
Rxa6 16.O-O Qb8 17.Qe2 Rb6 18.Nxd7 Nxd7 19.g3 Rc8 20.f3 Rbc6 21.e4 Nb6 22.
b3 Rc2 23.e5 Be7 24.f4 R8c6 25.f5 exf5 26.Rxf5 Qc8 27.Rcf1 f6 28.Qd1 Ra2 
29.Nc5 g6 30.exf6 Bxc5 31.f7+ Kg7 32.f8=Q+ Bxf8 33.Rf7+ Kg8 34.Qf3 Bd6 35.
Bh6 Nd7 36.Qxd5 Kh8 37.Bg7+ 1-0